Sick building syndrome: concepts, issues and practice. (Record no. 96461)

MARC details
000 -LEADER
fixed length control field 00856cam a2200241 4500
008 - FIXED-LENGTH DATA ELEMENTS--GENERAL INFORMATION
fixed length control field 090401t1997 xxu||||| |||| 00| 0 eng d
020 ## - INTERNATIONAL STANDARD BOOK NUMBER
International Standard Book Number 0419215301
035 ## - SYSTEM CONTROL NUMBER
System control number (Sirsi) u78550
041 ## - LANGUAGE CODE
Language code of text/sound track or separate title eng
050 ## - LIBRARY OF CONGRESS CALL NUMBER
Classification number 697.93
245 ## - TITLE STATEMENT
Title Sick building syndrome: concepts, issues and practice.
260 ## - PUBLICATION, DISTRIBUTION, ETC.
Place of publication, distribution, etc. London
Name of publisher, distributor, etc. E & F N Spon
Date of publication, distribution, etc. 1997
300 ## - PHYSICAL DESCRIPTION
Extent xi,186p. : ill. ; 24cm.
350 ## - PRICE (NR) (BK AM CF MU VM SE) [OBSOLETE]
Price 27.5
520 ## - SUMMARY, ETC.
Summary, etc. Explores sick building syndrome from an architectural, medical, psychological and legal perspective. Provides guidance for the diagnosis and elimination of SBS as well as highlighting the potential legal implications.
650 ## - SUBJECT ADDED ENTRY--TOPICAL TERM
Topical term or geographic name entry element HEATING AND VENTILATION
650 ## - SUBJECT ADDED ENTRY--TOPICAL TERM
Topical term or geographic name entry element LIGHTING
650 ## - SUBJECT ADDED ENTRY--TOPICAL TERM
Topical term or geographic name entry element SICK BUILDING SYNDROME
690 ## - LOCAL SUBJECT ADDED ENTRY--TOPICAL TERM (OCLC, RLIN)
Topical term or geographic name as entry element OFFICE SERVICES AND ADMINISTRATION
700 ## - ADDED ENTRY--PERSONAL NAME
Personal name Rostron, Jack
International Standard Serial Number Editor
942 ## - ADDED ENTRY ELEMENTS (KOHA)
Suppress in OPAC 0
948 ## - LOCAL PROCESSING INFORMATION (OCLC); SERIES PART DESIGNATOR (RLIN)
c (OCLC) 27/05/1997
Holdings
Withdrawn status Lost status Source of classification or shelving scheme Damaged status Not for loan Home library Current library Shelving location Date acquired Cost, normal purchase price Total Checkouts Full call number Barcode Date last seen Date last checked out Copy number Cost, replacement price Price effective from Koha item type
    Dewey Decimal Classification     London London Books 19/06/1997 27.50 8 697.93 30053057 06/08/2019 02/03/2007 1 27.50 06/08/2019 Book